000
00370nam a2200133Ia 4500
008
100328s9999 xx 000 0 und d
082
_b
63374
100
_a
पोतनीस मृणालिनी.
245
_a
परिणिता.
260
_b
राजश्री.
630
_a
परिणिता.
730
_a
परिणिता.
942
_c
BOOK
999
_c
549262
_d
549259